Manažerské rozhodování : cvičebnice s řešenými příklady : určeno pro distančí formu studia /

Hlavní autor: Hrůzová, Helena, 1954-
Korporativní autor: Vysoká škola ekonomická v Praze. Podnikohospodářská fakulta
Další autoři: Švecová, Lenka, Richter, Jiří, 1975-
Jazyk: Čeština
Vydáno: V Praze : Vysoká škola ekonomická, Fakulta podnikohospodářská, 2001
Vydání: Vyd. 1.
Témata:
Fyzický popis: 186 s. ; 25 cm
Knihy
Uloženo v:
LEADER 01782nam a2200409 a 4500
001 000584170
003 CZ BrMZK
005 20090825110956.0
007 ta
008 020118s2001 xr e p cze d
015 |a cnb000890872 
020 |a 80-245-0211-9 
035 |a (OCoLC)51189623 
040 |a BOA001  |b cze 
072 7 |a 005  |x Management. Řízení  |2 Konspekt  |9 4 
072 7 |a 37.016  |x Učební osnovy. Vyučovací předměty. Učebnice  |2 Konspekt  |9 22 
080 |a 005  |2 MRF 
080 |a 005.311.6  |2 MRF 
080 |a (075.8)  |2 MRF 
100 1 |a Hrůzová, Helena,  |d 1954-  |7 jn20001227503  |4 aut 
245 1 0 |a Manažerské rozhodování :  |b cvičebnice s řešenými příklady : určeno pro distančí formu studia /  |c Helena Hrůzová, Jiří Richter, Lenka Švecová 
250 |a Vyd. 1. 
260 |a V Praze :  |b Vysoká škola ekonomická, Fakulta podnikohospodářská,  |c 2001 
300 |a 186 s. ;  |c 25 cm 
504 |a Obsahuje bibliografii 
521 |a Určeno pro navazující magisterské studium FPH VŠE Praha 
650 0 7 |a management  |7 ph115217  |x úlohy  |2 czenas 
650 0 7 |a rozhodování  |7 ph125259  |x úlohy  |2 czenas 
655 7 |a učebnice vysokých škol  |7 fd133772  |2 czenas 
700 1 |a Švecová, Lenka  |7 xx0000234  |4 pbl 
700 1 |a Richter, Jiří,  |d 1975-  |7 xx0000233  |4 aut 
710 2 |a Vysoká škola ekonomická v Praze.  |b Podnikohospodářská fakulta  |7 kn20010709402 
910 |a BOA001  |b 3-1097.480 
990 |a BK 
996 6 |b 2610152893  |c 3-1097.480  |l MZK  |r Sklad / do 1 hodiny  |n 0  |p p.v.  |w 000584170  |u 000010  |a 1  |e BOA001  |j MZK50  |s P 
996 7 |b 2610153849  |c 3-1097.480  |l MZK  |r Sklad / do 1 hodiny  |n 31  |p kup  |w 000584170  |u 000020  |a 1  |e BOA001  |j MZK50  |s A 
996 7 |b 2610153850  |c 3-1097.480  |l MZK  |r Sklad / do 1 hodiny  |n 25  |p kup  |w 000584170  |u 000030  |a 1  |e BOA001  |j MZK50  |s A